A complete body of architecture (Record no. 113797)
[ view plain ]
| 000 -LEADER | |
|---|---|
| fixed length control field | 00837cam a22001935a 4500 |
| 001 - CONTROL NUMBER | |
| control field | L155758 |
| 008 - FIXED-LENGTH DATA ELEMENTS--GENERAL INFORMATION | |
| fixed length control field | 120416s1756 xxk f 000 0 eng d |
| 035 ## - SYSTEM CONTROL NUMBER | |
| System control number | (Sirsi) u155758 |
| 041 0# - LANGUAGE CODE | |
| Language code of text/sound track or separate title | eng |
| 100 1# - MAIN ENTRY--PERSONAL NAME | |
| Personal name | Ware, Isaac |
| Dates associated with a name | d. 1766 |
| 245 02 - TITLE STATEMENT | |
| Title | A complete body of architecture |
| Remainder of title | Adorned with plans and elevations, from original designs. By Isaac Ware, Esq. ... In which are interspersed some designs of Inigo Jones, never before published |
| 260 ## - PUBLICATION, DISTRIBUTION, ETC. | |
| Place of publication, distribution, etc. | London |
| Name of publisher, distributor, etc. | printed for T. Osborne and J. Shipton; J. Hodges; L. Davis; J. Ward; and R. Baldwin |
| Date of publication, distribution, etc. | 1756 |
| 300 ## - PHYSICAL DESCRIPTION | |
| Extent | [18], 92, [2], 93-116, [2], 117-120, [2], 121-748, [4] p., plates |
| Dimensions | 2o |
| 520 ## - SUMMARY, ETC. | |
| Summary, etc. | Titlepage in red and black. |
| 583 0# - ACTION NOTE | |
| Action | Condition reviewed |
| Time/date of action | 20120620 |
| Status | condition level 2 |
| 651 #4 - SUBJECT ADDED ENTRY--GEOGRAPHIC NAME | |
| Geographic name | Great Britain |
| Chronological subdivision | 1707- |
| 690 ## - LOCAL SUBJECT ADDED ENTRY--TOPICAL TERM (OCLC, RLIN) | |
| Topical term or geographic name as entry element | Construction management |
| 9 (RLIN) | 6230 |
| 942 ## - ADDED ENTRY ELEMENTS (KOHA) | |
| Suppress in OPAC | 0 |
| Withdrawn status | Lost status | Source of classification or shelving scheme | Damaged status | Not for loan | Home library | Current library | Shelving location | Date acquired | Total Checkouts | Full call number | Barcode | Date last seen | Copy number | Price effective from | Koha item type |
|---|---|---|---|---|---|---|---|---|---|---|---|---|---|---|---|
| Dewey Decimal Classification | Historic collection | Historic collection | Historic collection | 16/04/2012 | FOLIO 1756 WARE | 30075938 | 06/08/2019 | 1 | 06/08/2019 | Book |